| 000 | 01025cam a2200301 c 4500 | ||
|---|---|---|---|
| 001 | 1126178039 | ||
| 003 | DE-627 | ||
| 005 | 20260213073027.0 | ||
| 007 | tu | ||
| 008 | 961212s1925 xx ||||| 00| ||ger c | ||
| 035 | _a(DE-627)1126178039 | ||
| 035 | _a(DE-576)056178034 | ||
| 035 | _a(DE-599)BSZ056178034 | ||
| 035 | _a(OCoLC)08533906 | ||
| 040 |
_aDE-627 _bger _cDE-627 _erda |
||
| 041 | _ager | ||
| 084 |
_a9,10 _2ssgn |
||
| 100 | 1 |
_aKießling, Martin _d1879-1944 _eVerfasserIn _4aut |
|
| 245 | 1 | 0 |
_aOstmarkbauten _bStädtebau in einer Mittelstadt _cvon Martin Kießling ; Aufnahmen von Hugo Schmölz |
| 260 |
_aGuben _bNiederlausitzer Verlag _c2025 |
||
| 300 |
_a93 Seiten _bPläne, Karten |
||
| 583 | 1 |
_aArchivierung/Langzeitarchivierung gewährleistet _fPEBW _2pdager _5DE-24 |
|
| 583 | 1 |
_aArchivierung/Langzeitarchivierung gewährleistet _fSSG _2pdager _5DE-16 |
|
| 655 | 7 |
_aBildband _2gnd-content |
|
| 700 | 1 |
_aSchmölz, Hugo _d1879-1938 _eIllustratorIn _4ill |
|
| 942 |
_2z _cB |
||
| 951 | _aBO | ||
| 999 |
_c374290 _d374290 |
||